000 01421cam a2200325 a 4500
999 _c128161
_d128161
001 3401480
003 ARRUPE
005 20180914111226.0
008 891206s1990 enk b 001 0 eng
010 _a 89077196
020 _a0521327164 (hardback)
020 _z0052133949 (pbk)
040 _aDLC
_cDLC
_dDLC
043 _ae------
_aff-----
_aaw-----
050 0 0 _aBR219
_b.M37 1990
082 0 0 _a270.2
_220
100 1 _aMarkus, R. A.
_q(Robert Austin),
_d1924-2010.
_942178
245 1 4 _aThe end of ancient Christianity /
_cR.A. Markus.
260 _aCambridge [England] ;
_aNew York :
_bCambridge University Press,
_c1990.
300 _axvii, 258 p. ;
_c24 cm.
504 _aIncludes bibliographical references (p. 235-249) and index.
650 0 _aChurch history
_yPrimitive and early church, ca. 30-600.
_942179
650 0 _aSpirituality
_xChristianity
_xHistory
_yEarly church, ca. 30-600.
_942180
650 0 _aTheology
_xHistory
_yEarly church, ca. 30-600.
_927558
856 4 2 _3Publisher description
_uhttp://www.loc.gov/catdir/description/cam024/89077196.html
856 4 1 _3Table of contents
_uhttp://www.loc.gov/catdir/toc/cam021/89077196.html
906 _a7
_bcbc
_corignew
_d1
_eopcn
_f19
_gy-gencatlg
942 _2lcc
_cMONOGRAPH